000
00270 a2200133 4500
003
Nust
005
20170207170036.0
040
_c
Nust
082
_a
050
100
_a
Maj General Suhail Abbas Zaidi
245
_a
QASID-2013
260
_a
Rawalpindi
_b
MCS
_c
2014
300
_a
218 p
942
_c
MAGS
999
_c
213773
_d
213773